[Event "Mittelfranken EM 2021"]
[Site "Nürnberg"]
[Date "2021.07.10"]
[Round "5.2"]
[White "Boehme, Sebastian"]
[Black "Heimrath, Reiner"]
[Result "1-0"]
[WhiteElo "2154"]
[BlackElo "2192"]
[PlyCount "81"]
[EventDate "2021.??.??"]
[WhiteTeam "SC Erlangen"]
[BlackTeam "SC NT Nuernberg"]

1. d4 Nf6 2. Bf4 c5 3. d5 Qa5+ 4. Bd2 Qc7 5. Nc3 a6 6. a4 e5 7. e4 d6 8. f4
exf4 9. Bxf4 g6 10. Nf3 Bg7 11. e5 dxe5 12. Nxe5 O-O 13. Bc4 Nh5 14. d6 Qd8 15.
O-O Be6 16. Bxe6 fxe6 17. Qg4 Nxf4 18. Rxf4 Rf5 19. Nc4 Nc6 20. Ne4 Nd4 21. Rf2
b5 22. Ne3 Rxf2 23. Kxf2 Nf5 24. c3 c4 25. Qf3 Rb8 26. Rd1 Qb6 27. a5 Qxa5 28.
Nxf5 exf5 29. Nc5 h6 30. Qd5+ Kh7 31. d7 Qb6 32. Kf1 b4 33. Ne6 bxc3 34. bxc3
Rd8 35. Nxd8 Qxd8 36. Qxc4 h5 37. Qc8 Qh4 38. d8=Q Qxh2 39. Qg5 Qh1+ 40. Ke2
Qh2 41. Qc6 1-0

[Event "Mittelfranken EM 2021"]
[Site "Nürnberg"]
[Date "2021.07.10"]
[Round "5.1"]
[White "Kocak, Ediz"]
[Black "Ammon, Tobias"]
[Result "1-0"]
[WhiteElo "1970"]
[BlackElo "2134"]
[PlyCount "77"]
[EventDate "2021.??.??"]
[WhiteTeam "SG Fuerth"]
[BlackTeam "SV Altensittenbach"]

1. e4 c6 2. d4 d5 3. e5 Bf5 4. Nd2 e6 5. Nb3 c5 6. dxc5 Bxc5 7. Nxc5 Qa5+ 8. c3
Qxc5 9. Be3 Qc7 10. f4 Ne7 11. Nf3 Nbc6 12. Be2 O-O 13. O-O Rfd8 14. Rc1 Rac8
15. b4 Bg4 16. Qd2 h5 17. h3 Bxf3 18. Bxf3 h4 19. Rfd1 Nf5 20. Bf2 Nce7 21. Be2
f6 22. exf6 gxf6 23. Bd3 Kf7 24. Re1 Qd6 25. Re2 d4 26. c4 Ne3 27. Bxe3 dxe3
28. Qxe3 Qxd3 29. Qxe6+ Kg6 30. Qxe7 Re8 31. Qxe8+ Rxe8 32. Rxe8 Qd4+ 33. Kh1
Qxf4 34. Rce1 Qxc4 35. R8e4 Qxa2 36. Rf1 Kg5 37. Rg4+ Kh5 38. Rgf4 Qb2 39. Rxf6
1-0

[Event "Mittelfranken EM 2021"]
[Site "Nürnberg"]
[Date "2021.07.10"]
[Round "5.6"]
[White "Bruss, Robert"]
[Black "Kotz, Reinhard"]
[Result "1-0"]
[WhiteElo "1781"]
[BlackElo "2163"]
[PlyCount "83"]
[EventDate "2021.??.??"]
[WhiteTeam "SG Fuerth"]
[BlackTeam "SK Herzogenaurach"]

1. d4 Nf6 2. c4 g6 3. Nc3 Bg7 4. e4 d6 5. Nf3 O-O 6. Be2 e5 7. O-O Nc6 8. d5
Ne7 9. b4 a5 10. Ba3 Nd7 11. Qa4 Nb6 12. Qc2 axb4 13. Bxb4 c5 14. dxc6 Nxc6 15.
a3 Nxb4 16. axb4 Be6 17. Rxa8 Qxa8 18. Nb5 Rd8 19. Rd1 Bf8 20. Ng5 Qc8 21. Na7
Qc7 22. Nxe6 fxe6 23. Nb5 Qc8 24. Qb3 Kf7 25. f4 exf4 26. Qf3 e5 27. g3 Qh3 28.
c5 Nc8 29. Nc7 Rd7 30. Bc4+ Ke7 31. Be6 Qh6 32. Nd5+ Kd8 33. Bxd7 Kxd7 34. Qg4+
Kd8 35. gxf4 exf4 36. Nxf4 g5 37. Ne6+ Ke7 38. Nxg5 Bg7 39. Rf1 Bd4+ 40. Kh1
Bf6 41. cxd6+ Nxd6 42. Qe6+ 1-0

[Event "Mittelfranken EM 2021"]
[Site "Nürnberg"]
[Date "2021.07.10"]
[Round "5.5"]
[White "Vogiatzis, Dimitrios"]
[Black "Braun, Kristin"]
[Result "1/2-1/2"]
[WhiteElo "2040"]
[BlackElo "1910"]
[PlyCount "50"]
[EventDate "2021.??.??"]
[WhiteTeam "SC NT Nuernberg"]
[BlackTeam "SC JAEKLECHEMIE"]

1. b3 Nf6 2. Bb2 d6 3. e3 e5 4. c4 Nc6 5. d3 g6 6. Be2 Bg7 7. Nd2 Be6 8. Ngf3
O-O 9. a3 a5 10. Ng5 Bd7 11. h4 h6 12. Nge4 Kh7 13. h5 g5 14. Nxf6+ Qxf6 15.
Ne4 Qe7 16. Nc3 Be6 17. Nd5 Qd7 18. Qc2 f5 19. O-O-O Ne7 20. d4 e4 21. Nxe7
Qxe7 22. d5 Bd7 23. Bd4 Rfb8 24. a4 Bxd4 25. Rxd4 Rf8 1/2-1/2

[Event "Mittelfranken EM 2021"]
[Site "Nürnberg"]
[Date "2021.07.10"]
[Round "5.4"]
[White "Schatz, Christian"]
[Black "Rhein, Thomas"]
[Result "1/2-1/2"]
[WhiteElo "2219"]
[BlackElo "1825"]
[PlyCount "83"]
[EventDate "2021.??.??"]
[WhiteTeam "SC Postbauer-Heng"]
[BlackTeam "SW Nuernberg Sued"]

1. Nf3 Nf6 2. g3 d5 3. Bg2 Bg4 4. c4 c6 5. cxd5 cxd5 6. Ne5 Bf5 7. Nc3 e6 8.
Qa4+ Nbd7 9. g4 Bg6 10. d4 a6 11. Nxd7 Qxd7 12. Qxd7+ Nxd7 13. e4 dxe4 14. Nxe4
Bb4+ 15. Bd2 Bxe4 16. Bxe4 Bxd2+ 17. Kxd2 O-O-O 18. Rac1+ Kb8 19. Ke3 Nf6 20.
h3 Nd5+ 21. Kf3 Rd6 22. Rc5 Rhd8 23. Rd1 h6 24. h4 Nb6 25. Ke3 Nd5+ 26. Bxd5
Rxd5 27. Rxd5 Rxd5 28. f4 h5 29. g5 g6 30. Rc1 b6 31. Ke4 Kb7 32. a4 a5 33. Rc4
Rf5 34. b4 axb4 35. Rxb4 Kc6 36. Rb2 Rd5 37. Rc2+ Kb7 38. Rc4 Rf5 39. Rc1 Ra5
40. Rc4 Rf5 41. Rb4 Kc6 42. Rc4+ 1/2-1/2

[Event "Mittelfranken EM 2021"]
[Site "Nürnberg"]
[Date "2021.07.10"]
[Round "5.9"]
[White "Weissmann, Peter"]
[Black "Albayrak, Aylin"]
[Result "0-1"]
[WhiteElo "1736"]
[BlackElo "1689"]
[PlyCount "66"]
[EventDate "2021.??.??"]
[WhiteTeam "SG Fuerth"]
[BlackTeam "SC NT Nuernberg"]

1. e4 c5 2. Nf3 Nc6 3. d4 cxd4 4. Nxd4 Nf6 5. Nc3 d6 6. f3 e6 7. Be3 Be7 8. Qd2
O-O 9. O-O-O a6 10. g4 Qc7 11. g5 Nd7 12. h4 b5 13. Bh3 Nde5 14. Nxc6 Qxc6 15.
Qf2 b4 16. Ne2 a5 17. Kb1 Bb7 18. Nd4 Qe8 19. Bf1 a4 20. Nb5 Qc6 21. Nd4 Qc8
22. Nb5 d5 23. Bd3 Nxd3 24. cxd3 Qb8 25. Bc5 Bxc5 26. Qxc5 dxe4 27. fxe4 Rc8
28. Qe7 Bxe4 29. dxe4 Qxb5 30. Rd7 Rf8 31. g6 hxg6 32. Rhd1 a3 33. Rb7 Qe2 0-1

[Event "Mittelfranken EM 2021"]
[Site "Nürnberg"]
[Date "2021.07.10"]
[Round "5.8"]
[White "Dyroff, Roland"]
[Black "Mueller, Christian"]
[Result "1-0"]
[WhiteElo "1766"]
[BlackElo "1946"]
[PlyCount "53"]
[EventDate "2021.??.??"]
[WhiteTeam "SW Nuernberg Sued"]
[BlackTeam "SW Nuernberg Sued"]

1. e4 c5 2. Nc3 a6 3. a4 Nc6 4. d3 e6 5. f4 Bd6 6. e5 Bc7 7. Ne4 d6 8. exd6
Bxd6 9. Be3 Nge7 10. c3 b6 11. Nf3 Bc7 12. g3 Bb7 13. Bg2 Ng6 14. Qe2 Qe7 15.
d4 cxd4 16. Nxd4 e5 17. Nxc6 Bxc6 18. f5 Nf8 19. Bg5 f6 20. Nxf6+ gxf6 21.
Bxc6+ Kf7 22. Bxa8 fxg5 23. Qh5+ Kg7 24. h4 Nd7 25. hxg5 Rxa8 26. Qxh7+ Kf8 27.
Qh8+ 1-0

[Event "Mittelfranken EM 2021"]
[Site "Nürnberg"]
[Date "2021.07.10"]
[Round "5.7"]
[White "Kroneder, Christian"]
[Black "Lorenz, Mathias"]
[Result "1/2-1/2"]
[WhiteElo "2050"]
[BlackElo "1485"]
[PlyCount "108"]
[EventDate "2021.??.??"]
[WhiteTeam "SK Schwanstetten"]
[BlackTeam "SK Schwanstetten"]

1. e4 c6 2. c4 d5 3. cxd5 cxd5 4. Qb3 dxe4 5. Bc4 e6 6. Nc3 Nf6 7. Nge2 Nc6 8.
Ng3 Bc5 9. O-O O-O 10. Ncxe4 Bd4 11. d3 a6 12. a4 Nxe4 13. Nxe4 Qb6 14. Qd1 Ne5
15. a5 Qd8 16. Qe2 b5 17. Bb3 Bb7 18. Bg5 Qd7 19. Kh1 Bd5 20. Bxd5 Qxd5 21. h4
f5 22. Nc3 Qd7 23. Be3 Nc6 24. Rac1 e5 25. Qf3 Rad8 26. Ne2 Nxa5 27. Ra1 Bxe3
28. Rxa5 Bd4 29. Rxa6 Bxb2 30. Rb1 Bd4 31. Nxd4 Qxd4 32. Rxb5 Qxh4+ 33. Kg1 Qe7
34. Raa5 g6 35. Rxe5 Qg5 36. Re3 Rf7 37. Qc6 Qf6 38. Qc4 Kg7 39. Kf1 Qd4 40.
Ra4 Qxc4 41. Rxc4 Rfd7 42. Ke2 Kf6 43. g3 h5 44. Kd2 Rd4 45. Kc3 R4d5 46. d4 g5
47. Rc6+ R8d6 48. Rxd6+ Rxd6 49. Kc4 Re6 50. Ra3 h4 51. gxh4 gxh4 52. Rh3 Re4
53. Kc5 Rf4 54. Rh2 Ke6 1/2-1/2

[Event "Mittelfranken EM 2021"]
[Site "Nürnberg"]
[Date "2021.07.10"]
[Round "5.11"]
[White "Mammadov, Islam"]
[Black "Albayrak, Berrak"]
[Result "0-1"]
[WhiteElo "1600"]
[BlackElo "1473"]
[PlyCount "54"]
[EventDate "2021.??.??"]
[WhiteTeam "TSV Maccabi Nuernberg e.V. 2016"]
[BlackTeam "SC NT Nuernberg"]

1. e4 d6 2. d4 Nf6 3. Nc3 g6 4. Nf3 Bg7 5. Bf4 O-O 6. Be2 c6 7. O-O Qc7 8. h3
Nbd7 9. e5 dxe5 10. Bxe5 Nxe5 11. Nxe5 Be6 12. Bc4 Nd5 13. Bxd5 cxd5 14. f4 a6
15. Qf3 Qb6 16. Qd3 Rac8 17. Na4 Qb4 18. Nc5 Bf5 19. Qd1 b6 20. c3 Qxb2 21. Na4
Qb5 22. Rb1 Bxb1 23. Qxb1 Qxa4 24. Qxb6 Rxc3 25. Nf3 Rxf3 26. gxf3 Bxd4+ 27.
Qxd4 Qxd4+ 0-1

[Event "Mittelfranken EM 2021"]
[Site "Nürnberg"]
[Date "2021.07.10"]
[Round "5.10"]
[White "Albayrak, Atilla"]
[Black "Sarcevic, Ivo"]
[Result "1-0"]
[WhiteElo "1632"]
[BlackElo "1643"]
[PlyCount "91"]
[EventDate "2021.??.??"]
[WhiteTeam "SC NT Nuernberg"]
[BlackTeam "SW Nuernberg Sued"]

1. e4 e5 2. Nf3 Nc6 3. Nc3 Nf6 4. d4 exd4 5. Nxd4 Bb4 6. Nxc6 dxc6 7. Qxd8+
Kxd8 8. Bg5 Bxc3+ 9. bxc3 Kd7 10. Rd1+ Ke6 11. Bc4+ Ke5 12. f3 h6 13. Bh4 Kf4
14. Bg3+ Kg5 15. O-O Be6 16. f4+ Kh5 17. Be2+ Bg4 18. Bxg4+ Nxg4 19. Rd7 Rhf8
20. Rxc7 b5 21. Rxc6 f5 22. Rc5 Ne3 23. Re1 Nxc2 24. Rd1 Ne3 25. Rd7 Rad8 26.
Rxa7 Rd1+ 27. Kf2 Ng4+ 28. Ke2 Rg1 29. Rxb5 Rxg2+ 30. Kf3 Nxh2+ 31. Kxg2 Ng4
32. Rxf5+ Rxf5 33. exf5 Ne3+ 34. Kh3 Nxf5 35. Bf2 g5 36. fxg5 hxg5 37. Rf7 g4+
38. Kg2 Kg5 39. a4 Nd6 40. Rg7+ Kf5 41. a5 Ne4 42. Bd4 g3 43. a6 Nd6 44. a7 Ke4
45. a8=Q+ Kd3 46. Rxg3+ 1-0

[Event "Mittelfranken EM 2021"]
[Site "Nürnberg"]
[Date "2021.07.10"]
[Round "6.1"]
[White "Kocak, Ediz"]
[Black "Boehme, Sebastian"]
[Result "0-1"]
[WhiteElo "1970"]
[BlackElo "2154"]
[PlyCount "72"]
[EventDate "2021.??.??"]
[WhiteTeam "SG Fuerth"]
[BlackTeam "SC Erlangen"]

1. e4 e6 2. Nf3 d5 3. Nc3 d4 4. Ne2 c5 5. c3 dxc3 6. bxc3 Nf6 7. Ng3 Qa5 8. a4
Bd7 9. Ne5 Be7 10. Nxd7 Nbxd7 11. Be2 O-O 12. O-O Rfd8 13. Qb3 Nb6 14. Rd1 Bd6
15. d3 Be5 16. Bb2 c4 17. Qb5 Bxc3 18. Qxa5 Bxa5 19. dxc4 Nfd7 20. Bd4 Rac8 21.
Rab1 Nxc4 22. Rxb7 Ndb6 23. Rc1 e5 24. Ba1 Nd6 25. Rbc7 f6 26. Nh5 Ne8 27. Rxc8
Rxc8 28. Rxc8 Nxc8 29. Bc4+ Kf8 30. Bb2 Bb4 31. Ng3 Ned6 32. Bd3 Nb6 33. f3 Nb7
34. Nf5 Nc5 35. Bc2 Ncxa4 36. Bc1 a5 0-1

[Event "Mittelfranken EM 2021"]
[Site "Nürnberg"]
[Date "2021.07.10"]
[Round "6.2"]
[White "Erlbeck, Peter"]
[Black "Ammon, Tobias"]
[Result "0-1"]
[WhiteElo "2070"]
[BlackElo "2134"]
[PlyCount "46"]
[EventDate "2021.??.??"]
[WhiteTeam "SW Nuernberg Sued"]
[BlackTeam "SV Altensittenbach"]

1. e4 c6 2. d4 d5 3. exd5 cxd5 4. c4 Nf6 5. Nc3 Nc6 6. Bg5 e6 7. Nf3 Be7 8. c5
O-O 9. Bb5 Ne4 10. Bxe7 Nxe7 11. Qc2 Qa5 12. Bd3 b6 13. cxb6 axb6 14. O-O Nxc3
15. bxc3 h6 16. Ne5 Ba6 17. Rfb1 Bxd3 18. Qxd3 Rfc8 19. Rb3 Ra7 20. a4 Nf5 21.
c4 Rac7 22. Rb5 dxc4 23. Nxc4 Rxc4 0-1

[Event "Mittelfranken EM 2021"]
[Site "Nürnberg"]
[Date "2021.07.10"]
[Round "6.3"]
[White "Bruss, Robert"]
[Black "Schatz, Christian"]
[Result "0-1"]
[WhiteElo "1781"]
[BlackElo "2219"]
[PlyCount "66"]
[EventDate "2021.??.??"]
[WhiteTeam "SG Fuerth"]
[BlackTeam "SC Postbauer-Heng"]

1. d4 Nf6 2. c4 c5 3. d5 b5 4. cxb5 a6 5. bxa6 d6 6. Nc3 Bxa6 7. e4 Qa5 8. Bxa6
Nxa6 9. Qe2 g6 10. Nf3 Bg7 11. O-O O-O 12. e5 dxe5 13. Nxe5 Nb4 14. Rd1 Rfd8
15. Bd2 Qb6 16. Qf3 Nc2 17. Nc6 Nxa1 18. Nxd8 Rxd8 19. Rxa1 Qxb2 20. Rd1 Nd7
21. Qe3 Re8 22. Rb1 Qa3 23. Rb3 Qa8 24. h3 Bd4 25. Qd3 Rc8 26. Qb5 Nf6 27. a4
Nxd5 28. a5 Bxc3 29. Bxc3 c4 30. Ra3 Nf4 31. Qg5 Ne2+ 32. Kh1 Qe4 33. Qe3 Qb1+
0-1

[Event "Mittelfranken EM 2021"]
[Site "Nürnberg"]
[Date "2021.07.10"]
[Round "6.4"]
[White "Rhein, Thomas"]
[Black "Heimrath, Reiner"]
[Result "0-1"]
[WhiteElo "1825"]
[BlackElo "2192"]
[Annotator "Dimi"]
[PlyCount "90"]
[EventDate "2021.??.??"]
[WhiteTeam "SW Nuernberg Sued"]
[BlackTeam "SC NT Nuernberg"]

{[%evp 0,27,19,13,27,-14,51,26,26,26,26,16,16,14,34,23,26,2,24,23,43,42,41,38,
51,10,10,10,12,18]} 1. d4 Nf6 2. c4 g6 3. Nf3 Bg7 4. Nc3 O-O 5. Bg5 d6 6. e3 c6
7. Be2 h6 8. Bh4 Re8 9. O-O Qb6 10. Rb1 a5 11. h3 Na6 12. Bg3 Bf5 13. Bd3 Bxd3
14. Qxd3 Rad8 15. Qe2 Nb8 16. Rfd1 Qa6 17. a3 a4 18. Qc2 Qxc4 19. Qxa4 Qxa4 20.
Nxa4 Ne4 21. Bh2 Nd7 22. Rbc1 Ra8 23. Nc3 Nxc3 24. Rxc3 Ra7 25. Rc2 Ra6 26. Kf1
Rea8 27. Ke1 Rb6 28. Nd2 Rb5 29. Nf3 Nb6 30. Kd2 Na4 31. Kc1 c5 32. Rdd2 Ra6
33. Kb1 Rab6 34. Ng1 Rb3 35. Ne2 Rxa3 36. Bg1 Rab3 37. Ka2 R3b4 38. f3 Ra6 39.
Kb1 Ra8 40. Nc3 Nb6 41. Na2 Rba4 42. b3 Ra3 43. Rc3 Nd5 44. Rcd3 cxd4 45. exd4
Rxa2 0-1

[Event "Mittelfranken EM 2021"]
[Site "Nürnberg"]
[Date "2021.07.10"]
[Round "6.5"]
[White "Albayrak, Aylin"]
[Black "Vogiatzis, Dimitrios"]
[Result "0-1"]
[WhiteElo "1689"]
[BlackElo "2040"]
[PlyCount "76"]
[EventDate "2021.??.??"]
[WhiteTeam "SC NT Nuernberg"]
[BlackTeam "SC NT Nuernberg"]

1. d4 d5 2. c4 e6 3. Nf3 f5 4. g3 Nf6 5. Nc3 c6 6. Bg2 Bd6 7. O-O O-O 8. c5 Bc7
9. b4 b6 10. a4 bxc5 11. dxc5 a6 12. Bb2 Bd7 13. Qc2 Qe8 14. Nd4 Qh5 15. b5
axb5 16. axb5 Rxa1 17. Rxa1 f4 18. b6 fxg3 19. hxg3 Bxg3 20. fxg3 Ng4 21. Bh3
Qxh3 22. e4 Qxg3+ 23. Qg2 Qe3+ 24. Kh1 Nf2+ 25. Kh2 e5 26. Nxc6 Qh6+ 27. Kg1
Nh3+ 28. Kh1 Nxc6 29. exd5 Nd4 30. c6 Nxc6 31. b7 Nb8 32. Ne4 Nf2+ 33. Kg1 Qe3
34. Bxe5 Nxe4+ 35. Kh1 Nf2+ 36. Kg1 Nh3+ 37. Kh1 Qxe5 38. Ra3 Nf4 0-1

[Event "Mittelfranken EM 2021"]
[Site "Nürnberg"]
[Date "2021.07.10"]
[Round "6.6"]
[White "Braun, Kristin"]
[Black "Hofmann, Tim"]
[Result "1-0"]
[WhiteElo "1910"]
[BlackElo "1793"]
[PlyCount "65"]
[EventDate "2021.??.??"]
[WhiteTeam "SC JAEKLECHEMIE"]
[BlackTeam "SW Nuernberg Sued"]

1. e4 c6 2. d4 d5 3. exd5 cxd5 4. c4 e6 5. Nf3 Nf6 6. Nc3 Bb4 7. Bg5 Qa5 8. Bd2
Nc6 9. Bd3 dxc4 10. Bxc4 O-O 11. O-O Qd8 12. Bg5 Be7 13. Rc1 h6 14. Bh4 a6 15.
a3 b5 16. Ba2 Bb7 17. Qd3 Nd5 18. Bb1 g6 19. Bg3 Bf6 20. Ne4 Bg7 21. Bd6 Re8
22. Bc5 Bf8 23. Rfe1 Rc8 24. Bxf8 Rxf8 25. Nc5 Qe7 26. Nxe6 fxe6 27. Qxg6+ Qg7
28. Qxe6+ Qf7 29. Qxh6 Nce7 30. Rxc8 Rxc8 31. Ng5 Qg7 32. Bh7+ Kh8 33. Nf7+ 1-0

[Event "Mittelfranken EM 2021"]
[Site "Nürnberg"]
[Date "2021.07.10"]
[Round "6.7"]
[White "Kroneder, Christian"]
[Black "Dyroff, Roland"]
[Result "1-0"]
[WhiteElo "2050"]
[BlackElo "1766"]
[PlyCount "39"]
[EventDate "2021.??.??"]
[WhiteTeam "SK Schwanstetten"]
[BlackTeam "SW Nuernberg Sued"]

1. d4 Nf6 2. Bf4 g6 3. Nc3 Bg7 4. e4 d6 5. Qd2 Nbd7 6. O-O-O c5 7. dxc5 Nxc5 8.
e5 Nfe4 9. Nxe4 Nxe4 10. Qd3 g5 11. Qxe4 gxf4 12. exd6 Be6 13. Bb5+ Kf8 14.
dxe7+ Qxe7 15. Nf3 Qc5 16. Nd4 Bxa2 17. Rhe1 Bh6 18. f3 Bd5 19. Qf5 Rc8 20. Re5
1-0

[Event "Mittelfranken EM 2021"]
[Site "Nürnberg"]
[Date "2021.07.10"]
[Round "6.8"]
[White "Kotz, Reinhard"]
[Black "Lorenz, Mathias"]
[Result "1-0"]
[WhiteElo "2163"]
[BlackElo "1485"]
[PlyCount "69"]
[EventDate "2021.??.??"]
[WhiteTeam "SK Herzogenaurach"]
[BlackTeam "SK Schwanstetten"]

1. e4 c6 2. d4 d5 3. e5 Bf5 4. h4 h5 5. Bd3 Bxd3 6. Qxd3 e6 7. Bg5 Qa5+ 8. Nd2
Qa6 9. c4 dxc4 10. Nxc4 Bb4+ 11. Kf1 b5 12. Nd2 Bxd2 13. Qxd2 f6 14. exf6 gxf6
15. Bf4 Ne7 16. Rh3 Nd5 17. Ne2 Nd7 18. Kg1 O-O-O 19. Rc1 Kb7 20. a4 b4 21. Bd6
Qxa4 22. Nf4 Rhe8 23. Nd3 a5 24. Rg3 Qb5 25. Rg7 N5b6 26. b3 Qd5 27. Be7 Rc8
28. Bxf6 Ka8 29. Rg5 Qxb3 30. Rxa5+ Kb8 31. Be5+ Nxe5 32. Nxe5 Kb7 33. Rac5 Nd5
34. Nxc6 Nc3 35. Na5+ 1-0

[Event "Mittelfranken EM 2021"]
[Site "Nürnberg"]
[Date "2021.07.10"]
[Round "6.9"]
[White "Mueller, Christian"]
[Black "Albayrak, Berrak"]
[Result "1-0"]
[WhiteElo "1946"]
[BlackElo "1473"]
[PlyCount "53"]
[EventDate "2021.??.??"]
[WhiteTeam "SW Nuernberg Sued"]
[BlackTeam "SC NT Nuernberg"]

1. e4 d6 2. d4 Nf6 3. Nc3 g6 4. Be3 Bg7 5. Qd2 O-O 6. O-O-O Re8 7. f3 c6 8. g4
b5 9. Nge2 a5 10. g5 Nfd7 11. h4 b4 12. Nb1 Qb6 13. h5 c5 14. hxg6 fxg6 15. Nf4
e6 16. Qh2 Nf8 17. d5 a4 18. dxe6 Ba6 19. Nd5 Qb7 20. e7 Nbd7 21. exf8=Q+ Nxf8
22. Nf6+ Bxf6 23. gxf6 b3 24. axb3 axb3 25. c3 Bxf1 26. Rhxf1 Ra1 27. Qxd6 1-0

[Event "Mittelfranken EM 2021"]
[Site "Nürnberg"]
[Date "2021.07.10"]
[Round "6.10"]
[White "Albayrak, Atilla"]
[Black "Weissmann, Peter"]
[Result "1-0"]
[WhiteElo "1632"]
[BlackElo "1736"]
[PlyCount "95"]
[EventDate "2021.??.??"]
[WhiteTeam "SC NT Nuernberg"]
[BlackTeam "SG Fuerth"]

1. e4 c5 2. f4 Nc6 3. Nf3 d6 4. Nc3 Bg4 5. Bb5 g6 6. d4 Bxf3 7. gxf3 e6 8. d5
a6 9. Ba4 b5 10. dxc6 bxa4 11. Nxa4 Rc8 12. Be3 Qh4+ 13. Bf2 Qd8 14. Qd3 Qa5+
15. Qc3 Qxc3+ 16. Nxc3 Rxc6 17. O-O-O Bh6 18. Bg3 Ne7 19. Kb1 O-O 20. f5 e5 21.
fxg6 fxg6 22. Rhf1 Bf4 23. Bh4 Rf7 24. Bxe7 Rxe7 25. Nd5 Rf7 26. h3 Kf8 27. c4
g5 28. Rd3 Ke8 29. Rb3 Kf8 30. Kc2 Kg7 31. Kd3 Bg3 32. Ke2 h5 33. Rg1 Bh4 34.
Ne3 Kh7 35. Nf5 Kh8 36. Rb8+ Kh7 37. Rd8 Rxf5 38. exf5 Kg7 39. Kd3 Kf6 40. Ke4
Bf2 41. Rg2 Bh4 42. b3 Rb6 43. Rd2 Ke7 44. Rh8 Bg3 45. Rxh5 Bf4 46. Rd5 a5 47.
Rh7+ Kd8 48. Ra7 1-0

[Event "Mittelfranken EM 2021"]
[Site "Nürnberg"]
[Date "2021.07.10"]
[Round "6.11"]
[White "Mammadov, Islam"]
[Black "Mankus, Siegfried"]
[Result "0-1"]
[WhiteElo "1600"]
[BlackElo "1494"]
[PlyCount "134"]
[EventDate "2021.??.??"]
[WhiteTeam "TSV Maccabi Nuernberg e.V. 2016"]
[BlackTeam "Zabo-Eintracht Nuernberg"]

1. e4 e6 2. d4 d5 3. exd5 exd5 4. Nf3 Nf6 5. Bd3 Bg4 6. O-O Be7 7. h3 Bh5 8.
Bf4 O-O 9. Re1 Nbd7 10. Nc3 Bb4 11. a3 Bxc3 12. bxc3 c6 13. Be2 Bg6 14. Bg5 Qa5
15. Bd2 Ne4 16. Rb1 Nxd2 17. Qxd2 b5 18. Bd3 Rae8 19. Rxe8 Rxe8 20. Re1 Qd8 21.
Rxe8+ Qxe8 22. Qf4 Qb8 23. Qxb8+ Nxb8 24. g4 Bxd3 25. cxd3 f6 26. g5 Kf7 27.
Kg2 Nd7 28. gxf6 gxf6 29. Kg3 Nb6 30. Nd2 Na4 31. c4 Nb2 32. cxd5 cxd5 33. Nf3
Nxd3 34. Nh4 Ne1 35. Nf5 Ke6 36. Ne3 a5 37. f4 f5 38. Kh4 Nf3+ 39. Kg3 Nxd4 40.
h4 b4 41. axb4 a4 42. Nd1 Nb5 43. Nb2 a3 44. Nd3 d4 45. Kf3 Kd5 46. Nc1 Kc4 47.
h5 h6 48. Ke2 Kxb4 49. Kd3 Nc3 50. Kxd4 Ne2+ 51. Nxe2 a2 52. Ke5 a1=Q+ 53. Kxf5
Qb1+ 54. Kg4 Qd1 55. Kf3 Qh1+ 56. Kg4 Qg2+ 57. Ng3 Kc5 58. f5 Kd6 59. Kf4 Qd2+
60. Kg4 Ke5 61. Kf3 Qd3+ 62. Kg4 Qd1+ 63. Kh3 Kf4 64. Kh2 Kg4 65. f6 Qd2+ 66.
Kg1 Kxg3 67. f7 Qe1# 0-1

[Event "Mittelfranken EM 2021"]
[Site "Nürnberg"]
[Date "2021.07.11"]
[Round "7.1"]
[White "Boehme, Sebastian"]
[Black "Braun, Kristin"]
[Result "1-0"]
[WhiteElo "2154"]
[BlackElo "1910"]
[PlyCount "71"]
[EventDate "2021.??.??"]
[WhiteTeam "SC Erlangen"]
[BlackTeam "SC JAEKLECHEMIE"]

1. d4 Nf6 2. Bf4 g6 3. Nc3 d5 4. e3 Bg7 5. h4 h5 6. Nf3 Bg4 7. Qd2 c6 8. Ne5
Bf5 9. O-O-O Qa5 10. Kb1 Nfd7 11. Nb5 Qd8 12. Nxd7 Kxd7 13. Nc3 Qa5 14. e4 Be6
15. f3 Rd8 16. Be2 dxe4 17. fxe4 Ke8 18. Nd5 Rxd5 19. exd5 Qxd5 20. b3 Qxg2 21.
Qe3 Qd5 22. Rhg1 b5 23. Bf3 Qf5 24. Rg5 Qh3 25. Rh1 Bxd4 26. Qe2 Bc4 27. bxc4
Qc8 28. Rd1 Bf6 29. Rc5 bxc4 30. Qxc4 Qb7+ 31. Qb3 Qxb3+ 32. cxb3 Bxh4 33. Rxc6
Nd7 34. Rc7 Rd8 35. Rcxd7 Rxd7 36. Bc6 1-0

[Event "Mittelfranken EM 2021"]
[Site "Nürnberg"]
[Date "2021.07.11"]
[Round "7.2"]
[White "Ammon, Tobias"]
[Black "Schatz, Christian"]
[Result "1-0"]
[WhiteElo "2134"]
[BlackElo "2219"]
[PlyCount "113"]
[EventDate "2021.??.??"]
[WhiteTeam "SV Altensittenbach"]
[BlackTeam "SC Postbauer-Heng"]

1. e4 g6 2. d4 Bg7 3. Nc3 d5 4. exd5 Nf6 5. Bc4 Nbd7 6. Qf3 Nb6 7. Bb3 Bg4 8.
Qg3 Bf5 9. Nf3 Nbxd5 10. Nxd5 Nxd5 11. c3 c6 12. O-O O-O 13. Re1 a5 14. Qh4 e6
15. Qxd8 Rfxd8 16. a4 Rac8 17. Ne5 f6 18. Nc4 b6 19. Ne3 Bd3 20. Bd2 Kf7 21.
Rad1 Ba6 22. g3 Bf8 23. Ng2 Bd6 24. c4 Nc7 25. c5 bxc5 26. dxc5 Bxc5 27. Nf4
Rd6 28. Bxa5 Nd5 29. Bxd5 exd5 30. b4 Ba7 31. b5 cxb5 32. Nxd5 Bc5 33. Nc7 Rcd8
34. Rxd6 Rxd6 35. Nxb5 Rd3 36. Rc1 Bd4 37. Rc7+ Kg8 38. Nxd4 Rxd4 39. Bc3 Rxa4
40. Bxf6 Bd3 41. Rg7+ Kf8 42. Rxh7 Rc4 43. Bg5 Ra4 44. h3 Ra1+ 45. Kh2 Be4 46.
g4 Ra2 47. Kg3 Ra3+ 48. Be3 Kg8 49. Re7 Bd5 50. Kf4 Rb3 51. Kg5 Kf8 52. Rd7 Be6
53. Rc7 Bf7 54. Kf6 Be8 55. Bc5+ Kg8 56. Rc8 Rf3+ 57. Ke6 1-0

[Event "Mittelfranken EM 2021"]
[Site "Nürnberg"]
[Date "2021.07.11"]
[Round "7.3"]
[White "Heimrath, Reiner"]
[Black "Kocak, Ediz"]
[Result "0-1"]
[WhiteElo "2192"]
[BlackElo "1970"]
[PlyCount "150"]
[EventDate "2021.??.??"]
[WhiteTeam "SC NT Nuernberg"]
[BlackTeam "SG Fuerth"]

1. e4 c5 2. Nc3 e6 3. g3 Nc6 4. Bg2 g6 5. Nge2 Bg7 6. d3 Nge7 7. h4 h5 8. Be3
Nd4 9. Qd2 d6 10. Nd1 b5 11. a4 Qb6 12. axb5 Qxb5 13. f4 Bb7 14. O-O f5 15. Re1
O-O 16. Ra3 Qd7 17. c3 Nb5 18. Ra5 a6 19. Nf2 Rac8 20. Raa1 d5 21. Qc2 Rfd8 22.
Bc1 Kh8 23. Kh2 Ng8 24. exf5 exf5 25. Ng1 Nd6 26. Nf3 Nf7 27. Qa4 Bc6 28. Qa5
d4 29. c4 Ngh6 30. Bd2 Rb8 31. Qxc5 Bf8 32. Qa5 Qb7 33. Qxa6 Bxf3 34. Qxb7 Bxb7
35. Ba5 Rd7 36. Re2 Bxg2 37. Kxg2 Rdb7 38. Ra2 Bb4 39. Bxb4 Rxb4 40. Nd1 Rb3
41. Rd2 Ng4 42. Kf3 Kg7 43. Ra7 R8b7 44. Ra6 Re7 45. Ra3 Rb8 46. Ra4 Reb7 47.
c5 Rb4 48. Rxb4 Rxb4 49. Rc2 Rb7 50. Rc4 Nd8 51. Rxd4 Ne6 52. Rc4 Nf6 53. c6
Rc7 54. Nc3 Rxc6 55. Rxc6 Nd4+ 56. Ke3 Nxc6 57. d4 Nb4 58. Kd2 Kf7 59. Ne2 Ne4+
60. Ke3 Ke6 61. Kf3 Kd5 62. Ke3 Kc4 63. b3+ Kxb3 64. d5 Kc4 65. d6 Nc2+ 66. Kf3
Nxd6 67. Ng1 Kd3 68. Kf2 Ne4+ 69. Kg2 Ke3 70. Nf3 Ke2 71. Ng1+ Kd1 72. Nh3 Ne1+
73. Kh2 Nf3+ 74. Kg2 Ke2 75. Kh1 Kf1 0-1

[Event "Mittelfranken EM 2021"]
[Site "Nürnberg"]
[Date "2021.07.11"]
[Round "7.4"]
[White "Vogiatzis, Dimitrios"]
[Black "Kroneder, Christian"]
[Result "0-1"]
[WhiteElo "2040"]
[BlackElo "2050"]
[PlyCount "48"]
[EventDate "2021.??.??"]
[WhiteTeam "SC NT Nuernberg"]
[BlackTeam "SK Schwanstetten"]

1. e4 e5 2. Nf3 Nc6 3. Bc4 Bc5 4. d3 Nf6 5. c3 d6 6. b4 Bb6 7. a4 a5 8. b5 Ne7
9. O-O O-O 10. h3 Ng6 11. Re1 Be6 12. Bxe6 fxe6 13. Be3 Bxe3 14. fxe3 d5 15.
Ng5 Qe7 16. exd5 exd5 17. Ra2 Nh4 18. Rf2 Rad8 19. g3 Ng6 20. Ref1 e4 21. dxe4
h6 22. Nf3 Nxe4 23. Rg2 Nxc3 24. Qd2 Nxb1 0-1